[Event "Foment Martinenc op-C 21st"]
[Site "Barcelona"]
[Date "2019.06.08"]
[Round "7"]
[White "Punsola Mena, Pol"]
[Black "Latorre Coma, Antoni"]
[Result "1-0"]
[WhiteElo "1799"]
[BlackElo "1721"]
[PlyCount "31"]
[EventDate "2019.04.27"]
[EventType "swiss"]
[EventRounds "9"]
[EventCountry "ESP"]
[SourceTitle "EXT 2020"]
[Source "ChessBase"]
[SourceDate "2019.10.17"]
[SourceVersion "1"]
[SourceVersionDate "2019.10.17"]
[SourceQuality "1"]

1. f4 d5 2. Nf3 e6 3. e3 Nf6 4. b3 Be7 5. Bb2 Nbd7 6. Nc3 c6 7. h3 b5 8. g4 Nc5 9. g5 Nh5 10. Rg1 g6 11. Nxb5 0-0 12. Nbd4 Bd7 13. Ne5 Qc7 14. Ng4 Ne4 15. Nh6+ Kg7 16. Nxe6# 1-0

[Event "Foment Martinenc op-C 21st"]
[Site "Barcelona"]
[Date "2019.06.01"]
[Round "6"]
[White "Latorre Coma, Antoni"]
[Black "Garcia Pitarch, Raul"]
[Result "1-0"]
[WhiteElo "1721"]
[BlackElo "1621"]
[PlyCount "41"]
[EventDate "2019.04.27"]
[EventType "swiss"]
[EventRounds "9"]
[EventCountry "ESP"]
[SourceTitle "EXT 2020"]
[Source "ChessBase"]
[SourceDate "2019.10.17"]
[SourceVersion "1"]
[SourceVersionDate "2019.10.17"]
[SourceQuality "1"]

1. e4 c5 2. d3 Nc6 3. Nf3 e6 4. Nc3 Qc7 5. g3 Nf6 6. Bg2 Be7 7. 0-0 0-0 8. Bf4 e5 9. Bg5 d6 10. Bxf6 Bxf6 11. Nd5 Qd8 12. c3 Ne7 13. Nxf6+ gxf6 14. d4 b6 15. dxe5 fxe5 16. Ng5 Ng6 17. Qh5 Qxg5 18. Qxg5 Be6 19. f4 f6 20. Qh6 Rf7 21. f5 1-0

[Event "Foment Martinenc op-C 21st"]
[Site "Barcelona"]
[Date "2019.05.25"]
[Round "5"]
[White "Medinilla Moya, Dafne"]
[Black "Latorre Coma, Antoni"]
[Result "1-0"]
[WhiteElo "1671"]
[BlackElo "1721"]
[PlyCount "131"]
[EventDate "2019.04.27"]
[EventType "swiss"]
[EventRounds "9"]
[EventCountry "ESP"]
[SourceTitle "EXT 2020"]
[Source "ChessBase"]
[SourceDate "2019.10.17"]
[SourceVersion "1"]
[SourceVersionDate "2019.10.17"]
[SourceQuality "1"]

1. d4 d5 2. Nf3 Nf6 3. Bf4 e6 4. e3 Be7 5. Bd3 Bd6 6. Bg3 Bxg3 7. hxg3 Nbd7 8. Nbd2 c5 9. dxc5 Nxc5 10. Bb5+ Bd7 11. Bxd7+ Ncxd7 12. c4 Nc5 13. 0-0 dxc4 14. Nxc4 Qxd1 15. Rfxd1 0-0 16. Rac1 Nce4 17. Nd6 h6 18. b3 b6 19. Nxe4 Nxe4 20. Ne5 Rfd8 21. Kf1 Rd2 22. Rxd2 Nxd2+ 23. Ke2 Ne4 24. Rc7 f5 25. Nc6 Nc3+ 26. Kd2 Nxa2 27. Kc2 a5 28. Kb1 Nc3+ 29. Kc1 Ne4 30. Ne7+ Kh7 31. Rc6 Nxf2 32. Rxb6 a4 33. bxa4 Rxa4 34. Rxe6 Nd3+ 35. Kd2 Nf2 36. Nxf5 Ne4+ 37. Kc2 Ng5 38. Re7 Kg6 39. Nxg7 Kf6 40. Rb7 Ra2+ 41. Kd3 Rxg2 42. Nh5+ Kf5 43. Rb6 Nf7 44. Rf6+ Kg5 45. Rxf7 Kxh5 46. Rg7 Ra2 47. Ke4 Ra4+ 48. Kf3 Ra6 49. e4 Rf6+ 50. Ke3 Re6 51. Rf7 Kg4 52. Rg7+ Kh5 53. g4+ Kh4 54. Kf4 Rf6+ 55. Ke5 Ra6 56. Kf5 Ra5+ 57. e5 Rb5 58. Kf6 h5 59. gxh5 Kxh5 60. e6 Kh6 61. e7 Rb6+ 62. Kf7 Rb7 63. Rg3 Kh5 64. Kf8 Kh6 65. e8Q Rf7+ 66. Kxf7 1-0

[Event "Foment Martinenc op-C 21st"]
[Site "Barcelona"]
[Date "2019.05.18"]
[Round "4"]
[White "Latorre Coma, Antoni"]
[Black "Yanischevsky, Anibal"]
[Result "1-0"]
[WhiteElo "1721"]
[BlackElo "1643"]
[PlyCount "75"]
[EventDate "2019.04.27"]
[EventType "swiss"]
[EventRounds "9"]
[EventCountry "ESP"]
[SourceTitle "EXT 2020"]
[Source "ChessBase"]
[SourceDate "2019.10.17"]
[SourceVersion "1"]
[SourceVersionDate "2019.10.17"]
[SourceQuality "1"]

1. e4 c5 2. Nf3 Nc6 3. d3 g6 4. Nc3 Bg7 5. Be2 e6 6. Be3 b6 7. d4 d6 8. dxc5 bxc5 9. Bb5 Nge7 10. Bg5 f6 11. Bf4 e5 12. Be3 Be6 13. Qd2 0-0 14. Nd5 Bxd5 15. exd5 Nb4 16. c3 e4 17. cxb4 exf3 18. gxf3 Rb8 19. Bc6 Rxb4 20. Bh6 Bxh6 21. Qxh6 Rxb2 22. Qh3 f5 23. 0-0 Qc7 24. f4 Nxc6 25. dxc6 Qxc6 26. Qc3 Rfb8 27. Rfe1 R2b7 28. h4 h6 29. Kh2 Re8 30. Rg1 Re6 31. h5 Kh7 32. hxg6+ Rxg6 33. Rxg6 Kxg6 34. Rg1+ Kh7 35. Qf6 Qe8 36. Qxf5+ Kh8 37. Rg6 Rh7 38. Qf6+ 1-0

[Event "Foment Martinenc op-C 20th"]
[Site "Barcelona"]
[Date "2018.05.26"]
[Round "6"]
[White "Latorre Coma, Antoni"]
[Black "Hernandez Mediavilla, Juan Jose"]
[Result "1/2-1/2"]
[WhiteElo "1710"]
[BlackElo "1706"]
[PlyCount "33"]
[EventDate "2018.04.21"]
[EventType "swiss"]
[EventRounds "9"]
[EventCountry "ESP"]
[SourceTitle "CBM 184 Extra"]
[Source "ChessBase"]
[SourceDate "2018.06.28"]
[SourceVersion "1"]
[SourceVersionDate "2018.06.28"]
[SourceQuality "1"]

1. e4 e5 2. Nf3 Nc6 3. Be2 Nf6 4. d3 Be7 5. Nc3 d6 6. Nd5 Nxd5 7. exd5 Nd4 8. c3 Nxe2 9. Qxe2 0-0 10. h4 Bg4 11. Qe4 f5 12. Qe3 f4 13. Qe4 Bf5 14. Qe2 Bg4 15. Qe4 Bf5 16. Qe2 Bg4 17. Qe4 1/2-1/2

[Event "Foment Martinenc op-C 20th"]
[Site "Barcelona"]
[Date "2018.05.05"]
[Round "3"]
[White "Ani, Virgil"]
[Black "Latorre Coma, Antoni"]
[Result "1-0"]
[WhiteElo "1805"]
[BlackElo "1710"]
[PlyCount "91"]
[EventDate "2018.04.21"]
[EventType "swiss"]
[EventRounds "9"]
[EventCountry "ESP"]
[SourceTitle "CBM 184 Extra"]
[Source "ChessBase"]
[SourceDate "2018.06.28"]
[SourceVersion "1"]
[SourceVersionDate "2018.06.28"]
[SourceQuality "1"]

1. Nf3 d5 2. c4 c6 3. d4 Bg4 4. e3 e6 5. Be2 Nf6 6. Nc3 c5 7. Qa4+ Qd7 8. Qc2 cxd4 9. Ne5 Bf5 10. Nxd7 Bxc2 11. Nxf6+ gxf6 12. exd4 Nc6 13. cxd5 Nxd4 14. Be3 Nxe2 15. Kxe2 a6 16. Rac1 Bg6 17. Rhd1 Bb4 18. a3 Bxc3 19. Rxc3 exd5 20. Rdc1 0-0 21. f3 Rfe8 22. Kf2 Rad8 23. Bd4 Kg7 24. g4 h6 25. h4 Rd6 26. Rc7 Rde6 27. Rxb7 Re2+ 28. Kg3 Rd2 29. Bc3 Rd3 30. g5 d4 31. gxf6+ Kxf6 32. Bb4 Kg7 33. Kg4 h5+ 34. Kf4 Ree3 35. Rf1 Re6 36. Be7 Rde3 37. Bg5 d3 38. Rd7 Re2 39. Kg3 Rxb2 40. Rd1 Rb3 41. a4 Ra3 42. a5 Rxa5 43. Bd2 Ra2 44. Bc3+ Kh7 45. Rd8 f5 46. Rh8# 1-0

[Event "Foment Martinenc op-C 20th"]
[Site "Barcelona"]
[Date "2018.04.28"]
[Round "2"]
[White "Latorre Coma, Antoni"]
[Black "Montilla Rodriguez, Jose Luis"]
[Result "1-0"]
[WhiteElo "1710"]
[BlackElo "1792"]
[PlyCount "43"]
[EventDate "2018.04.21"]
[EventType "swiss"]
[EventRounds "9"]
[EventCountry "ESP"]
[SourceTitle "CBM 184 Extra"]
[Source "ChessBase"]
[SourceDate "2018.06.28"]
[SourceVersion "1"]
[SourceVersionDate "2018.06.28"]
[SourceQuality "1"]

1. e4 e5 2. Nf3 Nc6 3. d3 Bc5 4. Be3 Bxe3 5. fxe3 d6 6. d4 Bg4 7. Be2 Qh4+ 8. Nxh4 Bxe2 9. Qxe2 exd4 10. exd4 Nxd4 11. Qc4 c5 12. 0-0 Nf6 13. Nd2 b5 14. Qd3 Rd8 15. Nf5 0-0 16. Nxd4 cxd4 17. Qxd4 a6 18. Qb6 Ra8 19. Qxd6 Rfd8 20. Qf4 Ra7 21. e5 Nh5 22. Qg5 1-0

[Event "Foment Martinenc op-C 19st"]
[Site "Barcelona"]
[Date "2017.06.03"]
[Round "7.18"]
[White "Bernat Mor, Juli"]
[Black "Latorre Coma, Antoni"]
[Result "1/2-1/2"]
[WhiteElo "1730"]
[BlackElo "1661"]
[PlyCount "57"]
[EventDate "2017.04.22"]
[EventType "swiss"]
[EventRounds "9"]
[EventCountry "ESP"]
[SourceTitle "EXT 2024"]
[Source "ChessBase"]
[SourceDate "2023.10.10"]
[SourceVersion "1"]
[SourceVersionDate "2023.10.10"]
[SourceQuality "1"]

1. d4 d5 2. c4 e6 3. Nc3 Nf6 4. cxd5 Nxd5 5. e4 Nxc3 6. bxc3 c5 7. Nf3 cxd4 8. Qxd4 Qxd4 9. cxd4 Bb4+ 10. Bd2 Nc6 11. Bxb4 Nxb4 12. Bb5+ Bd7 13. Bxd7+ Kxd7 14. Kd2 Rac8 15. a3 Nc6 16. Rhc1 Na5 17. Ne5+ Ke7 18. Rxc8 Rxc8 19. Rb1 f6 20. Nd3 Nc4+ 21. Ke2 b6 22. a4 Na3 23. Rc1 Rxc1 24. Nxc1 Nc4 25. Nd3 a5 26. f3 Nd6 27. Nb2 b5 28. axb5 Nxb5 29. Kd3 1/2-1/2

[Event "Llinars del Valles op-B 8th"]
[Site "Llinars del Valles"]
[Date "2014.06.07"]
[Round "6"]
[White "Rius Riu, Gerard"]
[Black "Latorre Coma, Antoni"]
[Result "1-0"]
[WhiteElo "1789"]
[BlackElo "1700"]
[PlyCount "69"]
[EventDate "2014.04.26"]
[EventType "swiss"]
[EventRounds "8"]
[EventCountry "ESP"]
[SourceTitle "EXT 2015"]
[Source "ChessBase"]
[SourceDate "2014.11.20"]
[SourceVersion "1"]
[SourceVersionDate "2014.11.20"]
[SourceQuality "1"]

1. d4 d5 2. Nf3 Nc6 3. e3 e6 4. Nbd2 Nf6 5. b3 Bb4 6. Bd3 Bc3 7. Rb1 Ne4 8. 0-0 Nb4 9. Bxe4 dxe4 10. Nxe4 Nxa2 11. Bd2 Bxd2 12. Qxd2 Qd5 13. Ng3 Qb5 14. c4 Qc6 15. Qxa2 0-0 16. Qc2 b5 17. Rfc1 Bb7 18. cxb5 Qxb5 19. Qc5 Qxc5 20. Rxc5 Rfc8 21. Rbc1 c6 22. Ne5 a5 23. Ra1 Ra6 24. Rcxa5 Rxa5 25. Rxa5 Ra8 26. Rxa8+ Bxa8 27. b4 f6 28. Nf3 Kf7 29. Kf1 Ke7 30. Ke2 Kd6 31. Kd3 Bb7 32. Ne4+ Kd5 33. Nc5 Bc8 34. Nd2 e5 35. Nc4 1-0

[Event "Llinars del Valles op-B 8th"]
[Site "Llinars del Valles"]
[Date "2014.05.31"]
[Round "5"]
[White "Latorre Coma, Antoni"]
[Black "Barrios Rosas, Marti"]
[Result "1-0"]
[WhiteElo "1700"]
[BlackElo "1745"]
[PlyCount "65"]
[EventDate "2014.04.26"]
[EventType "swiss"]
[EventRounds "8"]
[EventCountry "ESP"]
[SourceTitle "EXT 2015"]
[Source "ChessBase"]
[SourceDate "2014.11.20"]
[SourceVersion "1"]
[SourceVersionDate "2014.11.20"]
[SourceQuality "1"]

1. e4 e5 2. Nf3 Nc6 3. g3 Nf6 4. d3 Bc5 5. Bg2 d6 6. 0-0 0-0 7. Re1 Bg4 8. h3 Be6 9. Be3 Qd7 10. Ng5 Bd4 11. Bxd4 Nxd4 12. Nxe6 Nxe6 13. Nc3 Ng5 14. g4 h5 15. h4 Ngh7 16. gxh5 Ng4 17. Bh3 Nhf6 18. Nd5 Qb5 19. Bxg4 Nxg4 20. Qxg4 Qxb2 21. h6 g6 22. h5 Kh8 23. Nf6 Qd4 24. hxg6 fxg6 25. Qxg6 Rg8 26. Nxg8 Rxg8 27. Qxg8+ Kxg8 28. Rab1 b6 29. Re3 d5 30. Rg3+ Kh7 31. Kg2 dxe4 32. Rg4 Kxh6 33. Rh1# 1-0

[Event "Llinars del Valles op-B 7th"]
[Site "Llinars del Valles"]
[Date "2013.04.27"]
[Round "3"]
[White "Capallera Guirado, Ferran"]
[Black "Latorre Coma, Antoni"]
[Result "1-0"]
[WhiteElo "1578"]
[BlackElo "1364"]
[PlyCount "119"]
[EventDate "2013.04.13"]
[EventType "swiss"]
[EventRounds "7"]
[EventCountry "ESP"]
[SourceTitle "CBM 154 Extra"]
[Source "ChessBase"]
[SourceDate "2013.06.25"]
[SourceVersion "2"]
[SourceVersionDate "2013.06.25"]
[SourceQuality "1"]

1. e4 Nc6 2. d4 e6 3. Nf3 d6 4. Nc3 Nf6 5. Bd3 e5 6. d5 Bg4 7. dxc6 bxc6 8. Bc4 d5 9. exd5 cxd5 10. Bb5+ Bd7 11. Bxd7+ Qxd7 12. Nxe5 Qe6 13. 0-0 Qxe5 14. Re1 Ne4 15. Qxd5 Qxd5 16. Nxd5 Rd8 17. Rxe4+ Kd7 18. Bf4 Bd6 19. Rd1 Bxf4 20. Nxf4+ Kc8 21. Rxd8+ Rxd8 22. h3 Rd2 23. Rc4 Rd1+ 24. Kh2 Rd2 25. Kg3 g5 26. Nd3 f5 27. Kf3 Rd1 28. Rc5 g4+ 29. hxg4 fxg4+ 30. Kxg4 Rh1 31. Rh5 Rg1 32. Kf3 Kb7 33. Rxh7 Kb6 34. Rh5 a5 35. g4 a4 36. Re5 Rb1 37. g5 Rg1 38. Re6+ c6 39. g6 Kb5 40. Kf4 c5 41. Re5 Rxg6 42. Rxc5+ Kb6 43. c4 Rd6 44. Rb5+ Ka6 45. Nc5+ Ka7 46. Ne4 Rc6 47. Ra5+ Kb8 48. Rxa4 Rc7 49. Nd6 Rh7 50. Rb4+ Ka8 51. a4 Rh6 52. Ke5 Rh2 53. f4 Re2+ 54. Kd5 Rd2+ 55. Kc6 Re2 56. f5 Rh2 57. f6 Rh8 58. f7 Rc8+ 59. Kd7 Rc7+ 60. Kxc7 1-0

[Event "Llinars del Valles op-B 7th"]
[Site "Llinars del Valles"]
[Date "2013.04.13"]
[Round "1"]
[White "Barroso Lancharro, Oscar"]
[Black "Latorre Coma, Antoni"]
[Result "1-0"]
[WhiteElo "1660"]
[BlackElo "1364"]
[PlyCount "99"]
[EventDate "2013.04.13"]
[EventType "swiss"]
[EventRounds "7"]
[EventCountry "ESP"]
[SourceTitle "CBM 154 Extra"]
[Source "ChessBase"]
[SourceDate "2013.06.25"]
[SourceVersion "2"]
[SourceVersionDate "2013.06.25"]
[SourceQuality "1"]

1. d4 e6 2. Nf3 Nf6 3. c4 b6 4. g3 d6 5. Bg2 Bb7 6. 0-0 Be7 7. Nc3 Nbd7 8. Bg5 0-0 9. Qc2 Rb8 10. Rad1 Ba6 11. b3 b5 12. cxb5 Bxb5 13. Nxb5 Rxb5 14. Rd3 c5 15. Rfd1 cxd4 16. Rxd4 Rd5 17. Be3 Rxd4 18. Nxd4 Qc8 19. Nc6 Kh8 20. Qd2 Qe8 21. Nxe7 Qxe7 22. Qxd6 Qxd6 23. Rxd6 Rc8 24. Rc6 Rxc6 25. Bxc6 Nb6 26. a4 Kg8 27. a5 Nbd5 28. Bxa7 Nc7 29. Bb8 Na6 30. Bd6 Nd5 31. Bb7 Nac7 32. e4 Nb5 33. exd5 Nxd6 34. a6 Nb5 35. Bc6 Na7 36. b4 exd5 37. Bxd5 Kf8 38. Bc4 Ke7 39. Kf1 f6 40. b5 Nc8 41. Ke2 Kd6 42. Ke3 Nb6 43. Kd4 g6 44. f4 h6 45. Be2 Na4 46. a7 Nb6 47. Bf3 f5 48. a8Q Nxa8 49. Bxa8 Kc7 50. Ke5 1-0

[Event "Terrassa Barad op"]
[Site "Terrassa"]
[Date "2013.??.??"]
[Round "4"]
[White "Vinyoles Insa, Carles"]
[Black "Latorre Coma, Antoni"]
[Result "1/2-1/2"]
[WhiteElo "1362"]
[BlackElo "1386"]
[PlyCount "48"]
[EventDate "2013.10.18"]
[EventType "swiss"]
[EventRounds "8"]
[EventCountry "ESP"]
[SourceTitle "EXT 2015"]
[Source "ChessBase"]
[SourceDate "2014.11.20"]
[SourceVersion "1"]
[SourceVersionDate "2014.11.20"]
[SourceQuality "1"]

1. e4 d6 2. d4 Nf6 3. Nc3 e6 4. Nf3 Be7 5. Bd3 b6 6. 0-0 Ba6 7. Re1 Bxd3 8. Qxd3 0-0 9. Ne2 Nbd7 10. Ng3 e5 11. Nf5 Nh5 12. g3 Bf6 13. Be3 exd4 14. N3xd4 Bxd4 15. Bxd4 Ne5 16. Bxe5 dxe5 17. Qf3 g6 18. Rad1 Qb8 19. Ne7+ Kh8 20. Qc3 f6 21. Rd7 c5 22. Red1 Qe8 23. R1d2 Ng7 24. b4 Ne6 1/2-1/2

[Event "Llinars del Valles op-B 6th"]
[Site "Llinars del Valles"]
[Date "2012.04.28"]
[Round "3"]
[White "Viaplana Puigdomenech, Santi"]
[Black "Latorre Coma, Antoni"]
[Result "1-0"]
[WhiteElo "1615"]
[BlackElo "1337"]
[PlyCount "65"]
[EventDate "2012.04.14"]
[EventType "swiss"]
[EventRounds "9"]
[EventCountry "ESP"]
[SourceTitle "EXT 2013"]
[Source "ChessBase"]
[SourceDate "2012.11.22"]
[SourceVersion "1"]
[SourceVersionDate "2012.11.22"]
[SourceQuality "1"]

1. e4 e5 2. Nf3 Nc6 3. Bb5 d6 4. d4 a6 5. Bxc6+ bxc6 6. dxe5 Be7 7. h3 d5 8. 0-0 dxe4 9. Qxd8+ Bxd8 10. Nd4 Ne7 11. Bg5 Bb7 12. Nc3 c5 13. Nde2 0-0 14. Rad1 Nc6 15. Be3 Nxe5 16. Bxc5 Re8 17. Ng3 Nc4 18. Rfe1 Nxb2 19. Rb1 Bf6 20. Nge2 Nd3 21. cxd3 exd3 22. Nd4 d2 23. Re2 Rxe2 24. Ndxe2 Bxc3 25. Nxc3 Bc6 26. Be3 h6 27. Bxd2 Re8 28. Be3 Re6 29. Ne2 Bd5 30. Nf4 Re5 31. a3 g5 32. Nd3 Be4 33. Rb8+ 1-0

[Event "Llinars del Valles op-B 5th"]
[Site "Llinars del Valles"]
[Date "2011.04.30"]
[Round "1"]
[White "Aragones Rubio, M Angel"]
[Black "Latorre Coma, Antoni"]
[Result "1-0"]
[WhiteElo "1715"]
[BlackElo "1287"]
[PlyCount "109"]
[EventDate "2011.04.30"]
[EventType "swiss"]
[EventRounds "7"]
[EventCountry "ESP"]
[SourceTitle "EXT 2012"]
[Source "ChessBase"]
[SourceDate "2011.11.24"]
[SourceVersion "1"]
[SourceVersionDate "2011.11.24"]
[SourceQuality "1"]

1. e4 e5 2. f4 exf4 3. Nf3 Bd6 4. d4 f6 5. Bc4 b6 6. 0-0 Ba6 7. Nbd2 Bxc4 8. Nxc4 Ne7 9. Nxd6+ cxd6 10. Bxf4 d5 11. e5 0-0 12. exf6 Rxf6 13. Bg5 Rg6 14. Qd2 Nbc6 15. c3 h6 16. Bh4 Qe8 17. Rae1 Re6 18. Rxe6 dxe6 19. Qe2 Qg6 20. Bxe7 Nxe7 21. Nh4 Qe4 22. Qxe4 dxe4 23. g3 g5 24. Ng2 Nd5 25. Re1 Nf6 26. h3 Kg7 27. Ne3 Rf8 28. Nf1 Re8 29. Ne3 e5 30. dxe5 Nd5 31. Nf5+ Kf7 32. Nxh6+ Ke6 33. Rxe4 Rh8 34. Ng4 Rxh3 35. Kg2 Kf5 36. Rd4 Rh8 37. Rxd5 Kxg4 38. e6 Re8 39. Re5 Re7 40. b4 Kh5 41. Kf3 Kg6 42. g4 Kf6 43. Ke4 Rxe6 44. Rxe6+ Kxe6 45. b5 Kf6 46. Kd5 Ke7 47. Ke5 Kd7 48. Kf5 Kd6 49. Kxg5 Kc5 50. Kh6 Kxb5 51. g5 Kc4 52. g6 a5 53. g7 Kxc3 54. g8Q b5 55. Qb3+ 1-0